"Nowe" Miasta Polski - Statystyki

Ogólne statystyki
  • Ten quiz został rozwiązany 1 985 razy
  • Średni wynik to 8 z 21
Statystyki odpowiedzi
Województwo
Populacja
Miasto % Poprawnych
małopolskie 83 274 Nowy Sącz
89%
kujawsko-pomorskie 5 679 Nowe
77%
małopolskie 33 212 Nowy Targ
75%
mazowieckie 1 644 Nowe Miasto
66%
mazowieckie 28 615 Nowy Dwór Mazowiecki
62%
lubuskie 37 931 Nowa Sól
54%
wielkopolskie 14 181 Nowy Tomyśl
47%
warmińsko-mazurskie 10 657 Nowe Miasto Lubawskie
40%
pomorskie 9 813 Nowy Dwór Gdański
40%
mazowieckie 3 650 Nowe Miasto nad Pilicą
31%
dolnośląskie 21 386 Nowa Ruda
26%
podkarpackie 10 977 Nowa Dęba
20%
małopolskie 2 650 Nowy Wiśnicz
19%
podkarpackie 5 715 Nowa Sarzyna
18%
zachodniopomorskie 1 176 Nowe Warpno
16%
świętokrzyskie 1 346 Nowa Słupia
15%
małopolskie 1 651 Nowe Brzesko
15%
lubuskie 2 710 Nowe Miasteczko
15%
wielkopolskie 4 721 Nowe Skalmierzyce
14%
świętokrzyskie 912 Nowy Korczyn
14%
pomorskie 4 188 Nowy Staw
14%
Nie znaleziono quizów pasujących do podanych kryteriów
Rozkład punktacji
Procent ludzi z każdym wynikiem
Percentyl według liczby udzielonych odpowiedzi
Twoja historia wyników
Nie rozwiązałeś tego quizu